000 00972nam a2200289Ia 4500
008 130821s2002 xxc gr eng
020 _a887846785
040 _aCo-BoUCM
_bspa
041 _aeng
100 1 _aStein, Janice Gross
_9106773
245 1 4 _aThe cult of efficiency
_cJanice Gross Stein.
260 _aToronto (Ontario, Canadá)
_bHouse of Anansi Press
_c2002
300 _axvi, 307 páginas
490 4 _aThe Massey Lectures.
504 _aIncluye bibliografía e índice general.
650 0 4 _aAdministración pública
_9355
650 0 4 _aAdministración sanitaria
_97251
650 0 4 _aCiencia política
_9340
650 0 4 _aDeuda pública
_913113
650 0 4 _aEvaluación educativa
_97609
650 0 4 _aParticipación política
_921123
650 0 4 _aProductividad gubernamental
_922440
650 0 4 _aResponsabilidad
_923663
650 0 4 _aSalud pública
_98073
942 _cLIBRO
_a6
_e1
_mS819c
_2DEWEY
_h361.613
999 _c12
_d12